| 000 | 00646nam a2200181 4500 | ||
|---|---|---|---|
| 008 | 020117s1996 cau 0 engta | ||
| 020 | _a1569751005 | ||
| 090 |
_aBS2555.2 _bL89b |
||
| 245 | 1 | 0 |
_aThe lost gospel Q : _bthe original sayings of Jesus / _cby Marcus Borg, consulting editor; editors, Mark Powelson, Ray Riegert. |
| 260 |
_aCalifornia : _bUlysses Press, _cc1996. |
||
| 300 | _a128 p. | ||
| 504 | _aIncludes bibliographical references | ||
| 650 | 4 | _aQ hypothesis (Synoptics criticism). | |
| 700 | 1 | _aBorg, Marcus | |
| 700 | 1 | _aPowelson, Mark | |
| 700 | 1 | _aRiegert, Ray | |
| 951 |
_p20793 _oBS2555.2/L89b _j070613111039859 _d2000-12-21 _cREF |
||
| 999 |
_c5758 _d5758 |
||